Vida de los doce Césares / Vicente López Soto, Traducción directa y literal del latín

Uloženo v:
Podrobná bibliografie
Hlavní autor: Suetonio
Médium: Kniha
Jazyk:Undetermined
Vydáno: Barcelona, España Editorial Juventud 1996
Vydání:5
Témata:
Tagy: Přidat tag
Žádné tagy, Buďte první, kdo vytvoří štítek k tomuto záznamu!

MARC

LEADER 00000nam a2200000Ia 4500
008 170316s9999 xx 000 0 und d
040 |a cru BVZT 
090 |a 870 S-5v 
100 |a Suetonio 
245 |a Vida de los doce Césares / Vicente López Soto, Traducción directa y literal del latín 
250 |a 5 
260 |a Barcelona, España 
260 |b Editorial Juventud 
260 |c 1996 
300 |a 351 páginas 
650 |a LITERATURA LATINA 
650 |a DOCE CESARES 
650 |a EL DIVINO CÉSAR 
650 |a AUGUSTO 
650 |a TIBERIO 
650 |a CALÍGULA 
650 |a EL DIVINO CLAUDIO 
650 |a NERÓN 
650 |a GALBA 
650 |a OTÓN 
650 |a VITELIO 
999 |c 11804  |d 11804 
942 |c 15 D  |h 870 S-5v  |2 z